000 00773nam a2200205 a 4500
001 000039735
005 20201002033715.0
008 130718s2010 mx 000 0 spa d
020 _a9786074620818
040 _aDO-SdBNP
_bspa
_cBNPHU
245 0 0 _aHistoria sociolinguística de México /
_cDirectores Rebeca Barriga Villanueva, Pedro Martín Butragueño.
260 _aMéxico :
_bEl Colegio de México,
_bCentro de Estudios Linguísticos y Litararios,
_c2010.
300 _av. ;
_c23 cm.
500 _aIncluye índice de lenguas
500 _aIncluye notas al pie de las páginas
500 _aLa biblioteca posee el volúmen 2
504 _aBibliografía : p. 1266-1270
700 1 _aBarriga Villanueva, Rebeca
_965929
700 1 _aMartín Butragueño, Pedro
_965930
999 _c39225
_d39225